<?xml version="1.0" encoding="UTF-8"?>
<record
    xmlns:xsi="http://www.w3.org/2001/XMLSchema-instance"
    xsi:schemaLocation="http://www.loc.gov/MARC21/slim http://www.loc.gov/standards/marcxml/schema/MARC21slim.xsd"
    xmlns="http://www.loc.gov/MARC21/slim">

  <leader>00473pam a2200157a 44500</leader>
  <controlfield tag="008">230515b1985    xxu||||| |||| 00| 0 eng d</controlfield>
  <datafield tag="020" ind1=" " ind2=" ">
    <subfield code="a">0-04-362059-0</subfield>
  </datafield>
  <datafield tag="041" ind1=" " ind2=" ">
    <subfield code="a">ENGL</subfield>
  </datafield>
  <datafield tag="082" ind1=" " ind2=" ">
    <subfield code="a">361.3 HEA</subfield>
  </datafield>
  <datafield tag="100" ind1=" " ind2=" ">
    <subfield code="a">"HEAP KEN,"</subfield>
  </datafield>
  <datafield tag="245" ind1=" " ind2=" ">
    <subfield code="a">PRACTICE OF SOCIAL WORK WITH GROUPS: A SYSTEMATIC APPROACH</subfield>
  </datafield>
  <datafield tag="250" ind1=" " ind2=" ">
    <subfield code="a">0</subfield>
  </datafield>
  <datafield tag="260" ind1=" " ind2=" ">
    <subfield code="a">LONDON</subfield>
    <subfield code="b">GEORGE ALLEN &amp; UNWIN PUBLISHERS LTD.</subfield>
    <subfield code="c">1985</subfield>
  </datafield>
  <datafield tag="300" ind1=" " ind2=" ">
    <subfield code="a">XIII+208 INCLUDES IN</subfield>
  </datafield>
  <datafield tag="650" ind1=" " ind2=" ">
    <subfield code="a">"SOCIAL GROUP WORK,GROUP RELATIONS TRAINING"</subfield>
  </datafield>
  <datafield tag="999" ind1=" " ind2=" ">
    <subfield code="c">535626</subfield>
    <subfield code="d">535626</subfield>
  </datafield>
  <datafield tag="952" ind1=" " ind2=" ">
    <subfield code="0">0</subfield>
    <subfield code="1">0</subfield>
    <subfield code="4">0</subfield>
    <subfield code="7">0</subfield>
    <subfield code="a">MSP</subfield>
    <subfield code="b">MSP</subfield>
    <subfield code="c">NULL</subfield>
    <subfield code="d">1999-10-10</subfield>
    <subfield code="e">NULL</subfield>
    <subfield code="g">0.00</subfield>
    <subfield code="l">0</subfield>
    <subfield code="o">361.3 HEA</subfield>
    <subfield code="p">MSP-SC-1620</subfield>
    <subfield code="r">2023-06-28 00:00:00</subfield>
    <subfield code="w">2023-06-28</subfield>
    <subfield code="y">BK</subfield>
  </datafield>
</record>
